000 00918nam a2200241Ia 4500
003 GCL
005 20240530110856.0
008 140319s1998 le 000 0 ara d
040 _aGCL /
_cGCL
082 0 4 _a398.245/
_bب ك
100 1 _aبيدبا
245 1 0 _aكتاب كليلة ودمنة /
_cتاليف بيدبا ؛عبدالله بن المقفع ؛ مهد له وضبطة وشرحة وقابل نصوصة حبيب يوسف مغنية
250 _aط.2
260 _aبيروت :
_bدار ومكتبة الهلال،
_c.1989
300 _a328 ص.،
_e24 سم.
650 0 7 _aالادب العربى
_2qrmak
650 0 7 _aالبلاغة العربية
_2qrmak
650 0 7 _aالادب الشعبى
_2qrmak
650 0 7 _aكليلة ودمنة
_2qrmak
700 1 _4بن القفع، ابو محمد عبد الله
_eمترجم
700 0 _4حبيب يوسف مغنية
_eشارح
942 _2ddc
_cBK
999 _c66037
_d66037